000 00396nam a2200169Ia 4500
001 2788
003 IN-NITTTR
005 20251114232936.0
008 251113s9999||||xx |||||||||||||| ||eng||
040 _beng
040 _cIN-NITTTR
041 _aeng
082 _a620.2 M F
100 _aMyklestad, N. O.
245 0 _aFundamentals of vibration analysis. /
_cMyklestad, N. O.
942 _2ddc
_cBK
999 _c4432
_d4432